00666 2200229 4500001002100000005001500021035002000036007000300056008004100059020001800100082001000118084001600128100002100144245012600165260004200291300003100333650001200364700001600376700002000392990001200412990001200424INLIS00000000000264020181226101352 a0010-1218000199ta181226 g 1 ind  a9786022554033 a398.2 a398.2 MAC d0 aMACKINNON, Mairi1 aDongeng Pertamaku: Manusia Kue Jahe (Level 3) /cMairi Mackinnon; pengalih bahasa, Andi Wahyu; penyunting, Damar Sasongko aJakarta :bBhuana Ilmu Populer,c2018 a48 hlm. :bilus. ;c20 cm. aDONGENG0 aANDI, Wahyu0 aDAMAR, Sasongko a16930 a a16930 b